Electronic devices and circuits (Record no. 178067)
[ view plain ]
| 000 -LEADER | |
|---|---|
| fixed length control field | 00762 a2200181 4500 |
| 003 - CONTROL NUMBER IDENTIFIER | |
| control field | Nust |
| 005 - DATE AND TIME OF LATEST TRANSACTION | |
| control field | 20170207152924.0 |
| 040 ## - CATALOGING SOURCE | |
| Transcribing agency | Nust |
| 082 ## - DEWEY DECIMAL CLASSIFICATION NUMBER | |
| Classification number | 621.38132 |
| 100 ## - MAIN ENTRY--PERSONAL NAME | |
| Personal name | Saeed, Manzar |
| 245 ## - TITLE STATEMENT | |
| Title | Electronic devices and circuits |
| Statement of responsibility, etc. | Manzar Saeed |
| 260 ## - PUBLICATION, DISTRIBUTION, ETC. | |
| Place of publication, distribution, etc. | Lahore |
| Name of publisher, distributor, etc. | A-One |
| Date of publication, distribution, etc. | 2002 |
| 300 ## - PHYSICAL DESCRIPTION | |
| Extent | xiii, 412 p. |
| 490 ## - SERIES STATEMENT | |
| Volume/sequential designation | 1 |
| 505 ## - FORMATTED CONTENTS NOTE | |
| Formatted contents note | Physics of Semiconductors (Page-1) Diode Characteristics (Page-47) Application of Diodes (Page-75) Power Supplies (Page-123) Special Diodes (Page-163) Physics of BJTs (Page-205) Biasing Techniques of BJTs (Page-231) Characteristics of BJTs (Page-271) Physics of Field Effect Transistors (Page-315) Biasing Techniques of Fets (Page-347) |
| 538 ## - SYSTEM DETAILS NOTE | |
| System details note | Almirah No.130 Shelf No.2 |
| 650 ## - SUBJECT ADDED ENTRY--TOPICAL TERM | |
| Topical term or geographic name entry element | Electronic devices and circuits |
| 942 ## - ADDED ENTRY ELEMENTS (KOHA) | |
| Source of classification or shelving scheme | |
| Koha item type | Book |
| Withdrawn status | Lost status | Source of classification or shelving scheme | Damaged status | Not for loan | Permanent Location | Current Location | Date acquired | Total Checkouts | Full call number | Barcode | Date last seen | Price effective from | Koha item type | Shelving location | Public note |
|---|---|---|---|---|---|---|---|---|---|---|---|---|---|---|---|
| Military College of Signals (MCS) | Military College of Signals (MCS) | 05/21/2024 | 621.38132 | MCS11875 | 05/21/2024 | 05/21/2024 | Book | ||||||||
| Military College of Signals (MCS) | Military College of Signals (MCS) | 05/21/2024 | 621.38132 | MCS11830 | 05/21/2024 | 05/21/2024 | Book | ||||||||
| Military College of Signals (MCS) | Military College of Signals (MCS) | 05/21/2024 | 621.38132 | MCS11805 | 05/21/2024 | 05/21/2024 | Book | ||||||||
| Military College of Signals (MCS) | Military College of Signals (MCS) | 10/02/2025 | 621.38132, MAN | MCS11755 | 10/02/2025 | 10/02/2025 | Book | General Stacks | Almirah No.87, Shelf No.3 | ||||||
| Military College of Signals (MCS) | Military College of Signals (MCS) | 10/02/2025 | 621.38132, MAN | MCS11783 | 10/02/2025 | 10/02/2025 | Book | General Stacks | Almirah No.87, Shelf No.3 | ||||||
| Military College of Signals (MCS) | Military College of Signals (MCS) | 10/02/2025 | 621.38132, MAN | MCS11785 | 10/02/2025 | 10/02/2025 | Book | General Stacks | Almirah No.87, Shelf No.3 |
